Descolonizar el pensamiento crítico y las rebeldías (Registro nro. 437023)

Detalles MARC
000 -LÍDER
Campo fijo de descripción fija 00727nam a22002297a 4500
003 - IDENTIFICADOR DEL NÚMERO DE CONTROL
Campo de control BCEG
005 - FECHA Y HORA DE LA ULTIMA TRANSACCIÓN
control field 20260116134000.0
008 - ELEMENTOS DE LONGITUD FIJA -- INFORMACIÓN GENERAL
Campo fijo de descripción fija -- Información general 260116s2015 mx|||||| |||| 00| 0 spa d
020 ## - ISBN
Isbn 9786079675110
040 ## - FUENTE DE CATALOGACIÓN
Agencia de catalogación original BCEG
Idioma de catalogación spa
Agencia que realiza la transcripción BCEG
082 04 - NÚMERO DE CLASIFICACIÓN DECIMAL DEWEY
Número de clasificación 303.484
Clave de autor-Numero de item Z641d
100 ## - ASIENTO PRINCIPAL--NOMBRE PERSONAL
Nombre del autor personal Zibechi, Raúl,
Fechas asociadas con el nombre 1952-.
245 10 - TÍTULO PROPIAMENTE DICHO
Título Descolonizar el pensamiento crítico y las rebeldías
Otra información sobre el título - Subtitulo : autonomías y emancipaciones en la era del progresismo.
260 ## - PUBLICACIÓN, DISTRIBUCIÓN, ETC. (PIE DE IMPRENTA)
Lugar de publicación, distribución, etc. México :
Nombre del editor, distribuidor, etc. Bajo Tierra,
Fecha de publicación, distribución, etc. 2015.
300 ## - DESCRIPCIÓN FÍSICA
Extensión 385 p.
504 ## - NOTA DE BIBLIOGRAFÍA, ETC.
Nota de bibliografía, etc Incluye bibliografía.
541 ## - NOTA DE FUENTE INMEDIATA DE ADQUISICIÓN
Nota de fuente de adquisición Donación.
650 14 - ASIENTO SECUNDARIO DE MATERIA - TERMINO TEMÁTICO
Término temático o nombre geográfico como elemento de entrada Movimientos sociales
Subdivisión geográfica América Latina.
650 14 - ASIENTO SECUNDARIO DE MATERIA - TERMINO TEMÁTICO
Término temático o nombre geográfico como elemento de entrada Descolonización
Subdivisión geográfica América Latina.
650 14 - ASIENTO SECUNDARIO DE MATERIA - TERMINO TEMÁTICO
Término temático o nombre geográfico como elemento de entrada Cambio social
Subdivisión geográfica América Latina.
942 ## - TIPO DE MATERIAL (KOHA)
Tipo de Item KOHA Libro
Existencias
No para Préstamo Colección Biblioteca de Origen Biblioteca Permanente Fecha de Adquisición Fuente de Adquisicion Total de Préstamos Signatura Topográfica Código de Barras Última vez visto Tipo de Material
Material en Reserva General Biblioteca Central Estatal de Guanajuato, "Wigberto Jiménez Moreno" Biblioteca Central Estatal de Guanajuato, "Wigberto Jiménez Moreno" 16/01/2026 DONAD   303.484 Z641d BCEG8655230796 17/03/2026 Libro